000 00300nam a22001097a 4500
040 _cHS
082 _a580
100 _aគួយ សុផល
245 _aចំនែកថ្នាក់រុក្ខជាតិ( plant classification)
260 _aRUA
_bគួយ សុផល
_c1994
942 _cKB
999 _c8446
_d8446